|
|
|
|
| LEADER |
01207nam a2200337 a 4500 |
| 001 |
000008655 |
| 003 |
CZ BrMZK |
| 005 |
20190812204110.0 |
| 007 |
ta |
| 008 |
930512s1993 xr f p 000 m cze d |
| 015 |
|
|
|a cnb000076057
|
| 020 |
|
|
|a 80-7079-291-4
|q (brož.) :
|c Kč 11,00
|
| 035 |
|
|
|a (OCoLC)39566869
|
| 040 |
|
|
|a BOA001
|b cze
|
| 080 |
9 |
|
|a 658.1
|
| 080 |
9 |
|
|a 640
|
| 100 |
1 |
|
|a Indrová, Jarmila
|7 mzk2004265371
|4 aut
|
| 245 |
1 |
0 |
|a Podnikatelská činnost ve stravování a hotelnictví /
|c Jarmila Indrová, Zdenka Petrů, Martin Vaško
|
| 250 |
|
|
|a 1. vyd.
|
| 260 |
|
|
|a Praha :
|b Vysoká škola ekonomická,
|c 1993
|
| 300 |
|
|
|a 11il
|b obr., tab. ;
|c 30 cm
|
| 500 |
|
|
|a 600 výt.
|
| 504 |
|
|
|a Obsahuje bibliografii
|
| 521 |
8 |
|
|a Určeno pro stud. fak. mezin. vztahů
|
| 653 |
0 |
|
|a daně
|a hotely
|a marketing
|a restaurace
|a soukromé podnikání
|a společné stravování
|
| 655 |
|
7 |
|a učebnice vysokých škol
|7 fd133772
|2 czenas
|
| 700 |
1 |
|
|a Vaško, Martin
|7 mzk2003169445
|4 aut
|
| 700 |
1 |
|
|a Petrů, Zdenka,
|d 1953-
|7 jx20051128036
|4 aut
|
| 910 |
|
|
|a BOA001
|b 4-0989.771
|
| 990 |
|
|
|a BK
|
| 996 |
7 |
|
|b 2610000738
|c 4-0989.771
|l MZK
|r Sklad / do 1 hodiny
|n 5
|p p.v.
|w 000008655
|u 000010
|a 1
|e BOA001
|j MZK50
|s A
|